Destinations from Mumbai Airport - Statistics

General Stats
  • This quiz has been taken 296 times
  • The average score is 41 of 88
Answer Stats
Answers % Correct
New Delhi
94%
Chennai
87%
Dubai
86%
Bangalore
83%
Kolkata
83%
Singapore Changi
83%
Beijing
81%
Tokyo Narita
81%
Paris Charles De Gaulle
80%
Bangkok
78%
Abu Dhabi
76%
Ahmedabad
74%
Hyderabad
74%
Shanghai Pudong
74%
Hong Kong
71%
Doha
70%
Riyadh
70%
Colombo
68%
Dhaka
68%
Kuala Lumpur
68%
Jaipur
67%
Seoul-Incheon
67%
Muscat
66%
Istanbul
64%
Kathmandu
62%
Cairo
61%
Frankfurt
60%
Karachi
60%
Lucknow
60%
Tehran
60%
Jeddah
58%
Kuwait
58%
Amsterdam
56%
Osaka Kansai
54%
Male
52%
Surat
51%
Tel Aviv
51%
Bahrain
50%
Munich
50%
Patna
50%
Bhopal
48%
Indore
48%
London Heathrow
48%
Nagpur
48%
Addis Ababa
47%
Amritsar
47%
Baghdad
47%
Nairobi
46%
Chandigarh
45%
Newark
42%
Srinagar
41%
Zurich
39%
Varanasi
38%
Guwahati
37%
Jodhpur
36%
Mangalore
36%
Coimbatore
35%
Sharjah
35%
Udaipur
35%
Medina
33%
Raipur
33%
Rajkot
33%
Trivandrum
33%
Mauritius
32%
Cochin
31%
Madurai
30%
New York JFK
29%
Dammam
28%
Jammu
27%
London Gatwick
27%
Dehradun
26%
Allahabad
24%
Vadodara
24%
Bhubaneshwar
23%
Panjim
23%
Kozhikode
20%
Jabalpur
17%
Bagdogra
16%
Bhuj
14%
Gwalior
13%
Mahe
13%
Diu
8%
Jamnagar
8%
Belgaum
7%
Bhavnagar
6%
Najaf
4%
Auranagabad
2%
Vishakapatinam
1%
No matching quizzes found
Score Distribution
Percent of People with Each Score
Percentile by Number Answered
Your Score History
You have not taken this quiz